10 Animals Close-Up - Statistics

General Stats
  • This quiz has been taken 55 times
  • The average score is 10 of 10
Answer Stats
Picture Answer % Correct
Lion
100%
African Elephant
98%
Dolphin
96%
Emperor Penguin
96%
Giraffe
96%
Octopus
96%
Tiger
96%
Monarch Butterfly
94%
Gorilla
92%
Kangaroo
92%
No matching quizzes found
Score Distribution
Percent of People with Each Score
Percentile by Number Answered
Your Score History
You have not taken this quiz